<?xml version="1.0" encoding="UTF-8"?>
<record
    xmlns:xsi="http://www.w3.org/2001/XMLSchema-instance"
    xsi:schemaLocation="http://www.loc.gov/MARC21/slim http://www.loc.gov/standards/marcxml/schema/MARC21slim.xsd"
    xmlns="http://www.loc.gov/MARC21/slim">

  <leader>01110nam a22002417a 4500</leader>
  <controlfield tag="003">DO-SdBNP</controlfield>
  <controlfield tag="005">20230417111537.0</controlfield>
  <controlfield tag="007">ta</controlfield>
  <controlfield tag="008">210625b  2017 dr a  00| 0 eng d</controlfield>
  <datafield tag="040" ind1=" " ind2=" ">
    <subfield code="a">DO-SdBNP</subfield>
    <subfield code="b">spa</subfield>
    <subfield code="c">BNPHU </subfield>
  </datafield>
  <datafield tag="082" ind1=" " ind2="4">
    <subfield code="2">22</subfield>
  </datafield>
  <datafield tag="245" ind1="0" ind2="0">
    <subfield code="a">Inventario de los instrumentos jur&#xED;dicos relacionados con la conservaci&#xF3;n de la biodiversidad costero marino y turismo en Rep&#xFA;blica Dominicana : </subfield>
    <subfield code="b">Proyecto Biodiversidad Costera y Turismo: una oportunidad para el desarrollo /</subfield>
    <subfield code="c">coordinaci&#xF3;n ; Johathan Delance F. ; fotograf&#xED;as: Zoraida A. Zapata L&#x2026; [et al.].</subfield>
  </datafield>
  <datafield tag="260" ind1=" " ind2=" ">
    <subfield code="a">Santo Domingo : </subfield>
    <subfield code="b">Ministerio de Medio Ambiente y Recursos Naturales,</subfield>
    <subfield code="c">2017.</subfield>
  </datafield>
  <datafield tag="300" ind1=" " ind2=" ">
    <subfield code="a">28 p. : </subfield>
    <subfield code="b">il. ;</subfield>
    <subfield code="c">28 cm. </subfield>
  </datafield>
  <datafield tag="500" ind1=" " ind2=" ">
    <subfield code="a"> Proyecto Biodiversidad Costera y Turismo: una oportunidad para el desarrollo sostenible</subfield>
  </datafield>
  <datafield tag="590" ind1=" " ind2=" ">
    <subfield code="a">Inventariado, 2021 /LP

</subfield>
  </datafield>
  <datafield tag="700" ind1="1" ind2=" ">
    <subfield code="a">Delance, Johathan,</subfield>
    <subfield code="e">coor.</subfield>
    <subfield code="9">78804</subfield>
  </datafield>
  <datafield tag="700" ind1="1" ind2=" ">
    <subfield code="a">Zapata L., Zoraida A. </subfield>
    <subfield code="e">fot.</subfield>
    <subfield code="9">78804</subfield>
  </datafield>
  <datafield tag="700" ind1="1" ind2=" ">
    <subfield code="a">&#xC1;lvarez, Jos&#xE9; Alejandro,</subfield>
    <subfield code="e">fot.</subfield>
    <subfield code="9">78805</subfield>
  </datafield>
  <datafield tag="700" ind1="1" ind2=" ">
    <subfield code="a">Castillo, Anatheydi,</subfield>
    <subfield code="e">fot.</subfield>
    <subfield code="9">78806</subfield>
  </datafield>
  <datafield tag="700" ind1="1" ind2=" ">
    <subfield code="a">N&#xFA;&#xF1;ez, Jimmi,</subfield>
    <subfield code="e">fot.</subfield>
    <subfield code="9">78807</subfield>
  </datafield>
  <datafield tag="942" ind1=" " ind2=" ">
    <subfield code="2">ddc</subfield>
    <subfield code="c">LF2</subfield>
  </datafield>
  <datafield tag="952" ind1=" " ind2=" ">
    <subfield code="0">0</subfield>
    <subfield code="1">0</subfield>
    <subfield code="2">ddc</subfield>
    <subfield code="5">1</subfield>
    <subfield code="7">0</subfield>
    <subfield code="8">PD</subfield>
    <subfield code="a">BNPHU</subfield>
    <subfield code="b">BNPHU</subfield>
    <subfield code="c">CT</subfield>
    <subfield code="d">2021-06-25</subfield>
    <subfield code="e">Dep&#xF3;sito Legal</subfield>
    <subfield code="p">2021-2260</subfield>
    <subfield code="r">2021-06-25</subfield>
    <subfield code="w">2021-06-25</subfield>
    <subfield code="y">LF2</subfield>
  </datafield>
  <datafield tag="952" ind1=" " ind2=" ">
    <subfield code="0">0</subfield>
    <subfield code="1">0</subfield>
    <subfield code="2">ddc</subfield>
    <subfield code="5">1</subfield>
    <subfield code="7">0</subfield>
    <subfield code="8">PD</subfield>
    <subfield code="a">BNPHU</subfield>
    <subfield code="b">BNPHU</subfield>
    <subfield code="c">CT</subfield>
    <subfield code="d">2021-06-25</subfield>
    <subfield code="e">Dep&#xF3;sito Legal</subfield>
    <subfield code="p">2021-2261</subfield>
    <subfield code="r">2021-06-25</subfield>
    <subfield code="t">e.2</subfield>
    <subfield code="w">2021-06-25</subfield>
    <subfield code="y">LF2</subfield>
  </datafield>
  <datafield tag="952" ind1=" " ind2=" ">
    <subfield code="0">0</subfield>
    <subfield code="1">0</subfield>
    <subfield code="2">ddc</subfield>
    <subfield code="5">6</subfield>
    <subfield code="7">0</subfield>
    <subfield code="8">DS</subfield>
    <subfield code="a">BNPHU</subfield>
    <subfield code="b">BNPHU</subfield>
    <subfield code="c">CT</subfield>
    <subfield code="d">2021-06-25</subfield>
    <subfield code="e">Dep&#xF3;sito Legal</subfield>
    <subfield code="p">2021-2262</subfield>
    <subfield code="r">2021-06-25</subfield>
    <subfield code="t">e.3</subfield>
    <subfield code="w">2021-06-25</subfield>
    <subfield code="y">LF2</subfield>
  </datafield>
  <datafield tag="999" ind1=" " ind2=" ">
    <subfield code="c">50008</subfield>
    <subfield code="d">50008</subfield>
  </datafield>
</record>
